Capitales avec la lettre S - Statistiques

Statistiques générales
  • Ce quiz a été pris 280 fois
    249 depuis la dernière actualisation
  • Le résultat moyen est 50 sur 66
Statistiques - réponses
Hint Réponse % Correct
S Stockholm
92%
S Paris
90%
SS Buenos Aires
89%
S Moscou
89%
S Santiago
89%
S Lisbonne
88%
S Vilnius
88%
S Londres
87%
S Washington
87%
S Helsinki
86%
S Oslo
86%
S Brasilia
85%
S Bucarest
83%
S Budapest
83%
S Varsovie
83%
S Athènes
82%
S Bratislava
82%
S Saint-Marin
82%
S San José
82%
S Bruxelles
81%
S Séoul
81%
S Tunis
81%
S Sarajevo
80%
S Amsterdam
79%
S Minsk
79%
S Singapour
79%
S Astana
77%
S Jérusalem
77%
S Kingston
77%
S Kingstown
77%
S Damas
76%
S Islamabad
76%
S Sao Tome
76%
S Sofia
76%
SS San Salvador
75%
S Asuncion
74%
S Caracas
74%
S Asmara
73%
S Port Moresby
73%
S Skopje
73%
S Suva
71%
SS Yamoussoukro
71%
S Addis-Abeba
70%
S Mascate
70%
S Mogadiscio
70%
S Pristina
70%
S Saint-Domingue
70%
SS Saint john's
70%
S Sanaa
70%
SS Tbilissi
70%
S Chisinau
69%
SS Kinshasa
69%
SS Saint-Georges
69%
S Port-Louis
68%
S Nicosie
65%
S Port-d'Espagne
65%
SS Castries
64%
S Sucre
64%
SS Nassau
63%
SS Basseterre
62%
S Lusaka
62%
S Maseru
61%
S Roseau
61%
SS Bissau
60%
S Sri Jayawardenapura Kotte
58%
S Bandar Seri Begawan
56%
Aucun quiz correspondant
Distribution des résultats
% des personnes avec chaque résultat
Percentile par nombre de réponses
Votre historique - résultats
Vous n’avez pas pris ce quiz depuis la dernière actualisation